=LDR 00000nam 2200000 4500 =001 000280 =005 20250710125216 =035 ##$$a 0010-0725000120 =245 1#$$a Emma Membuat Kue Kering /$c Julia Shipman =100 #$$a Shipman,Julia =250 ##$$a Pertama =300 ##$$a 20hlm. : $b ilus. ; $c 22,9cm =856 ##$$a TBM AS-SYUHADA =260 ##$$a Jakarta Timur :$b Badan Pengembangan dan Pembinaan Bahasa,$c 20222 =082 ##$$a 398.209 598 =650 #4$$a cerita anak indonesia-terjemahan, literasi bahan bacaan